01259nam a2200301 a 4500001000200000003000900002005001700011008004100028020001800069040002600087082003100113100002100144245018900165246006600354260006700420300003700487500004800524500007300572600004000645650002400685650002600709700002900735700003200764700004100796700004100837700004700878700003200925 DO-SdBNP20220712125556.0130708s2010 dr ac 000 0 spa d a9789945476002 aDO-SdBNPbspacBPMSU  a928.617293bM843B 20102221 aBarinas, Gracita10aDomingo Moreno Jimenes :bel legado cultural de su obra en San Cristóbal (1950-1963) /cGracita Barinas, Douglas Hasbún José, Odalís G. Pérez ; prólogo Manuel Mora Serrano.14aEl Instituto de la Poesía Osvaldo Bazil y su trascendencia  aSan Cristóbal, República Dominicana :bFotomegraf,c2010. a175 p. :bils., retrs. ;c22 cm. aIncluye datos biográficos de los autores  aIncluye referencias bibliográficas y notas al pie de las páginas14aMoreno Jimenes, Domingod1894-1986. 4aPoesía dominicana 4aLiteratura dominicana1 aHasbún José, Douglas1 aPérez, Odalís G.d1952-1 aMora Serrano, Manuelc1933-epról.z aPérez, Odalís G., d 1952-z a Pérez, Odalís d1952-q (Odalís G.)z aSerrano, Manuel Morad1933-